MARC details
| 000 -CABECERA |
| campo de control de longitud fija |
01185cam a22002417a 4500 |
| 001 - NÚMERO DE CONTROL |
| campo de control |
000013235 |
| 005 - FECHA Y HORA DE LA ÚLTIMA TRANSACCIÓN |
| campo de control |
20200929163155.0 |
| 008 - DATOS DE LONGITUD FIJA--INFORMACIÓN GENERAL |
| campo de control de longitud fija |
950228s1994 mx 000 0 spa |
| 010 ## - NÚMERO DE CONTROL DE LA BIBLIOTECA DEL CONGRESO |
| Número de control de LC |
95121140 |
| 020 ## - NÚMERO INTERNACIONAL ESTÁNDAR DEL LIBRO |
| Número Internacional Estándar del Libro |
968638412X |
| 040 ## - FUENTE DE LA CATALOGACIÓN |
| Centro catalogador/agencia de origen |
DO-SdBNP |
| Centro/agencia transcriptor |
DLC |
| Centro/agencia modificador |
DLC |
| 043 ## - CÓDIGO DE ÁREA GEOGRÁFICA |
| Código de área geográfica |
cl----- |
| 050 00 - SIGNATURA TOPOGRÁFICA DE LA BIBLIOTECA DEL CONGRESO |
| Número de clasificación |
MLCM 96/13794 (H) |
| 100 1# - ENTRADA PRINCIPAL--NOMBRE DE PERSONA |
| Nombre de persona |
Roubik, Caroline. |
| 9 (RLIN) |
30359 |
| 245 14 - MENCIÓN DE TÍTULO |
| Título |
Los origenes de la integracion latinoamericana / |
| Mención de responsabilidad, etc. |
Caroline Roubik y Marcela Schmidt. |
| 260 ## - PUBLICACIÓN, DISTRIBUCIÓN, ETC. |
| Lugar de publicación, distribución, etc. |
Mexico, D.F. : |
| Nombre del editor, distribuidor, etc. |
Instituto Panamericano de Geografia e Historia, |
| Fecha de publicación, distribución, etc. |
1994. |
| 300 ## - DESCRIPCIÓN FÍSICA |
| Extensión |
170 p. ; |
| Dimensiones |
23 cm. |
| 490 1# - MENCIÓN DE SERIE |
| Mención de serie |
Pub. / Instituto Panamericano de Geografia e Historia ; |
| Designación de volumen o secuencia |
469 |
| 520 1# - SUMARIO, ETC. |
| Sumario, etc. |
"Issued by one of the Specialized Organizations of the OAS; authors briefly (in 77 p. of text) assert and trace origins of Latin American political-economic union from 1810-90. Thirteen related official documents plus a useful bibliography are appended"--Handbook of Latin American Studies, v. 57. |
| Identificador Uniforme del Recurso |
<a href="http://www.loc.gov/hlas/">http://www.loc.gov/hlas/</a> |
| 651 #0 - PUNTO DE ACCESO ADICIONAL DE MATERIA--NOMBRE GEOGRÁFICO |
| Nombre geográfico |
Latin America |
| Subdivisión general |
Economic Integration. |
| 9 (RLIN) |
30386 |
| 830 #0 - PUNTO DE ACCESO ADICIONAL DE SERIE-TÍTULO UNIFORME |
| Título uniforme |
Publicacion (Pan American Institute of Geography and History) ; |
| Designación de volumen o secuencia |
no. 469. |
| 9 (RLIN) |
30387 |
| 910 ## - DATOS DE OPCIÓN DEL USUARIO (OCLC) |
| Datos de opción del usuario |
Catalogación por copia / LC |